1810 1744 1070 1879 1710 1610 1492 1608 1027 1153 1833 1163 1310 1651 1957 1062 1307 1467 1814 1348 1718 1292 1718 1588 1103 1724 1450 1756 1816 1097 1882 1539 1966 1567 1352 1302 1874 1279 1495 1336 1609 1534 1948 1819 1696 1535 1075 1767 1080 1821 1249 1502 1718 1714 1648 1810 1111 1315 1634 1821 1049 1909 1430 1166 1008 1943 1109 1380 1225 1038 1145 1129 1193 1314 1578 1157 1492 1753 1741 1433 1907 1007 1820 1844 1482 1919 1731 1884 1493 1751 1334 1699 1973 1748 1372 1462 1556 1294 1857 BCNSPRNW ULIB Ver.6.0+V

เปลี่ยนเป็นภาษาไทย

Change to English
 แสดงรายละเอียดบรรณานุกรม
  กลับหน้าหลัก

Brief Record : Get Marc (ISO 2709) : E-mail record : QR code < ปิดหน้าต่าง
LEADER : 00000nas 2200000uu 4500
001    13399114641
003     ULIB
008    120425s||||||||th 000 0 tha d
022    ^a08591083
110    ^aสำนักงานป้องกันควบคุมโรคที่ 5 จังหวัดนครราชสีมา
245    ^aวารสารวิชาการสำนักงานป้องกันควบคุมโรคที่ 5 จังหวัดนครราชสีมา /^cสำนักงานป้องกันควบคุมโรคที่ 5 จังหวัดนครราชสีมา
260    ^aนครราชสีมา :^bสำนักงานป้องกันควบคุมโรคที่ 5 จังหวัดนครราชสีมา,^cม.ป.ป.
310    ^aรายสี่เดือน
850    ^aฉบับที่ 1 ตุลาคม 2554-มกราคม 2555 ปีที่ 18
945    ^p0^l0^i800109
999 ^a ใช้งานได้ทุกระบบ
รายการนี้ยังไม่มีแท็ก
คุณยังไม่ได้ล็อกอิน คุณสามารถมีกิจกรรมร่วมกับเว็บไซต์ได้ แต่ต้องล็อกอินก่อน ::
  ล็อกอิน

รายการสื่อสารสนเทศ (วารสาร)

ดูแบบ: กล่อง รายการ
ARRIVED
no call number
สถานที่: ห้องสมุดวิทยาเขตสวรรค์ประชารักษ์ >วารสาร

BibComment


ยังไม่เคยถูกคอมเมนท์

คอมเมนท์ทรัพยากรรายการนี้
  คอมเมนท์: วารสารวิชาการสำน..


 Copyright 2026. Bcnsprnw @Library